[Event "1.FrauenBL 2016-17"]
[Site "Berlin"]
[Date "2017.04.29"]
[Round "9.9"]
[White "Brandt, Carina"]
[Black "Fuchs, Judith"]
[Result "0-1"]
[WhiteElo "2045"]
[BlackElo "2274"]
[Annotator "NA"]
[PlyCount "160"]
[EventDate "2017.??.??"]
[EventType "team-tourn"]
[EventCountry "GER"]
[SourceTitle "playchess.com"]
[Source "ChessBase"]
[SourceQuality "1"]
[WhiteTeam "TuRa Harksheide"]
[BlackTeam "Hamburger SK"]
[TimeControl "40/6000+30:3000+30"]

1. e4 {[%emt 1:30:25]} c6 {[%emt 1:30:24]} 2. d4 {[%emt 1:30:24]} d5 {[%emt 1:30:50]} 3. Nd2 {[%emt 1:31:13]} dxe4 {[%emt 1:28:25]} 4. Nxe4 {[%emt 1:31:35]} Nf6 {[%emt 1:28:45]} 5. Nxf6+ {[%emt 1:30:22]} exf6 {[%emt 1:30:22]} 6. Nf3 {[%emt 1:27:40]} Bd6 {[%emt 1:29:29]} 7. Bd3 {[%emt 1:27:25]} O-O {[%emt 1:29:31]} 8. O-O {[%emt 1:27:07]} Qc7 {[%emt 1:27:07]} 9. c3 {[%emt 1:24:46]} Bg4 {[%emt 1:26:23]} 10. h3 {[%emt 1:24:18]} Bh5 {[%emt 1:24:18]} 11. Bf5 {[%emt 1:19:25]} Re8 {[%emt 1:21:04]} 12. Qd3 {[%emt 1:21:04]} Bg6 {[%emt 1:20:27]} 13. Nh4 {[%emt 1:14:49]} Nd7 {[%emt 1:17:47]} 14. Bd2 {[%emt 1:07:26]} Nf8 {[%emt 1:09:31]} 15. Nxg6 {[%emt 1:09:31]} hxg6 {[%emt 1:09:23]} 16. Bg4 {[%emt 1:03:04]} f5 {[%emt 1:05:47]} 17. Bf3 {[%emt 1:05:47]} Ne6 {[%emt 1:05:34]} 18. b4 {[%emt 0:46:16]} Rad8 {[%emt 0:58:49]} 19. Qc4 {[%emt 0:42:52]} Qe7 {[%emt 0:54:28]} 20. Rfe1 {[%emt 0:38:09]} Qh4 {[%emt 0:50:03]} 21. Qf1 {[%emt 0:33:35]} Bb8 {[%emt 0:38:35]} 22. Rad1 {[%emt 0:38:35]} Qe7 {[%emt 0:35:43]} 23. b5 {[%emt 0:35:43]} Qd6 {[%emt 0:25:03]} 24. g3 {[%emt 0:24:57]} f4 {[%emt 0:31:11]} 25. bxc6 {[%emt 0:22:55]} bxc6 {[%emt 0:29:13]} 26. Qg2 {[%emt 0:19:51]} Rc8 {[%emt 0:20:40]} 27. gxf4 {[%emt 0:20:40]} c5 {[%emt 0:20:25]} 28. d5 {[%emt 0:13:24]} Nxf4 {[%emt 0:19:59]} 29. Rxe8+ {[%emt 0:13:33]} Rxe8 {[%emt 0:20:27]} 30. Bxf4 {[%emt 0:13:51]} Qxf4 {[%emt 0:20:50]} 31. Qg4 {[%emt 0:13:17]} Qf6 {[%emt 0:13:17]} 32. c4 {[%emt 0:10:47]} Kh7 {[%emt 0:15:00]} 33. Kg2 {[%emt 0:09:13]} Re5 {[%emt 0:14:38]} 34. h4 {[%emt 0:14:38]} Rf5 {[%emt 0:13:50]} 35. Qh3 {[%emt 0:08:17]} Rf4 {[%emt 0:12:56]} 36. h5 {[%emt 0:05:33]} g5 {[%emt 0:12:16]} 37. Qg3 {[%emt 0:04:25]} Bd6 {[%emt 0:04:25]} 38. Be2 {[%emt 0:03:52]} Rh4 {[%emt 0:06:53]} 39. Qf3 {[%emt 0:06:53]} Qe5 {[%emt 0:05:33]} 40. Bd3+ {[%emt 0:01:35]} Kg8 {[%emt 0:01:35]} 41. Kf1 {[%emt 0:23:15]} g4 {[%emt 0:28:43]} 42. Qe4 {[%emt 0:19:39]} Qxe4 {[%emt 0:19:39]} 43. Bxe4 {[%emt 0:20:07]} g3 {[%emt 0:28:37]} 44. Re1 {[%emt 0:18:17]} gxf2 {[%emt 0:18:17]} 45. Kxf2 {[%emt 0:18:08]} Rxh5 {[%emt 0:18:29]} 46. Bf3 {[%emt 0:17:32]} Rh2+ {[%emt 0:17:32]} 47. Bg2 {[%emt 0:17:44]} Rh6 {[%emt 0:17:55]} 48. Re8+ {[%emt 0:17:38]} Bf8 {[%emt 0:16:16]} 49. Bf3 {[%emt 0:15:43]} Ra6 {[%emt 0:16:01]} 50. Kg3 {[%emt 0:14:26]} g6 {[%emt 0:16:03]} 51. Re2 {[%emt 0:16:03]} Ra4 {[%emt 0:15:18]} 52. Rc2 {[%emt 0:12:19]} Bd6+ {[%emt 0:15:23]} 53. Kg2 {[%emt 0:11:28]} Kg7 {[%emt 0:15:28]} 54. Be2 {[%emt 0:11:07]} Ra3 {[%emt 0:14:26]} 55. Bf3 {[%emt 0:10:41]} Kf6 {[%emt 0:13:52]} 56. Rf2 {[%emt 0:10:12]} Rc3 {[%emt 0:12:20]} 57. Be2+ {[%emt 0:09:35]} Ke7 {[%emt 0:09:35]} 58. Bf1 {[%emt 0:08:45]} Rg3+ {[%emt 0:11:36]} 59. Kh1 {[%emt 0:09:14]} Be5 {[%emt 0:11:42]} 60. Re2 {[%emt 0:08:15]} Kd6 {[%emt 0:11:28]} 61. Re1 {[%emt 0:11:28]} Ra3 {[%emt 0:07:05]} 62. Re2 {[%emt 0:06:51]} g5 {[%emt 0:10:36]} 63. Rf2 {[%emt 0:06:13]} f6 {[%emt 0:10:06]} 64. Re2 {[%emt 0:05:50]} g4 {[%emt 0:10:08]} 65. Kg2 {[%emt 0:05:14]} Rg3+ {[%emt 0:05:14]} 66. Kf2 {[%emt 0:05:27]} Rf3+ {[%emt 0:05:27]} 67. Kg2 {[%emt 0:10:37]} Rc3 {[%emt 0:10:04]} 68. Re1 {[%emt 0:04:14]} f5 {[%emt 0:09:31]} 69. Rb1 {[%emt 0:02:40]} Rc2+ {[%emt 0:09:19]} 70. Kh1 {[%emt 0:02:56]} g3 {[%emt 0:08:52]} 71. Bg2 {[%emt 0:03:23]} Rxa2 {[%emt 0:07:46]} 72. Rc1 {[%emt 0:07:46]} Bd4 {[%emt 0:07:51]} 73. Re1 {[%emt 0:03:18]} a5 {[%emt 0:05:25]} 74. Rf1 {[%emt 0:03:11]} Ra1 {[%emt 0:04:39]} 75. Rxa1 {[%emt 0:02:30]} Bxa1 {[%emt 0:05:07]} 76. Bf3 {[%emt 0:05:07]} a4 {[%emt 0:05:16]} 77. Bd1 {[%emt 0:03:14]} a3 {[%emt 0:05:43]} 78. Bb3 {[%emt 0:03:40]} Bf6 {[%emt 0:05:35]} 79. Kg2 {[%emt 0:04:04]} f4 {[%emt 0:04:04]} 80. Kf3 {[%emt 0:04:24]} Ke5 {[%emt 0:06:23]} 0-1

[Event "1.FrauenBL 2016-17"]
[Site "Berlin"]
[Date "2017.04.29"]
[Round "9.9"]
[White "Horvath, Maria"]
[Black "Vidonyak, Nellya"]
[Result "0-1"]
[WhiteElo "1983"]
[BlackElo "2120"]
[Annotator "NA"]
[PlyCount "81"]
[EventDate "2017.??.??"]
[EventType "team-tourn"]
[EventCountry "GER"]
[SourceTitle "playchess.com"]
[Source "ChessBase"]
[SourceQuality "1"]
[WhiteTeam "SG Augsburg"]
[BlackTeam "FC Bayern München"]
[TimeControl "40/6000+30:3000+30"]

1. d4 {[%emt 0:00:00]} c5 {[%emt 1:30:02]} 2. d5 {[%emt 1:30:43]} e5 {[%emt 1:30:19]} 3. e4 {[%emt 1:30:19]} d6 {[%emt 1:30:39]} 4. Nc3 {[%emt 1:28:45]} a6 {[%emt 1:29:23]} 5. a4 {[%emt 1:28:56]} Be7 {[%emt 1:29:27]} 6. Nf3 {[%emt 1:28:23]} Nf6 {[%emt 1:28:29]} 7. Be2 {[%emt 1:25:29]} Nbd7 {[%emt 1:25:29]} 8. Nd2 {[%emt 1:26:50]} b6 {[%emt 1:24:50]} 9. O-O {[%emt 1:11:45]} Rb8 {[%emt 1:23:51]} 10. Bc4 {[%emt 1:05:21]} Nf8 {[%emt 1:05:21]} 11. Qe2 {[%emt 1:15:57]} Ra8 {[%emt 1:16:00]} 12. Nd1 {[%emt 0:59:39]} Ng6 {[%emt 0:59:39]} 13. c3 {[%emt 0:56:01]} Nf4 {[%emt 1:13:01]} 14. Qe1 {[%emt 0:55:17]} Rb8 {[%emt 0:55:17]} 15. b4 {[%emt 0:51:40]} b5 {[%emt 1:06:44]} 16. axb5 {[%emt 0:52:04]} axb5 {[%emt 1:07:07]} 17. Be2 {[%emt 0:52:11]} c4 {[%emt 1:05:59]} 18. f3 {[%emt 1:05:59]} Qb6+ {[%emt 1:05:20]} 19. Kh1 {[%emt 0:46:49]} N6h5 {[%emt 1:00:55]} 20. g3 {[%emt 1:00:55]} Nxe2 {[%emt 0:41:12]} 21. Qxe2 {[%emt 0:41:12]} Bh3 {[%emt 0:50:45]} 22. Rf2 {[%emt 0:38:27]} g6 {[%emt 0:38:27]} 23. Nb1 {[%emt 0:35:44]} O-O {[%emt 0:35:44]} 24. Be3 {[%emt 0:36:08]} Qd8 {[%emt 0:37:35]} 25. Ra5 {[%emt 0:21:31]} f5 {[%emt 0:21:31]} 26. exf5 {[%emt 0:17:53]} gxf5 {[%emt 0:28:00]} 27. Ba7 {[%emt 0:12:19]} Rb7 {[%emt 0:25:40]} 28. Qa2 {[%emt 0:25:40]} Bg5 {[%emt 0:21:50]} 29. Qa1 {[%emt 0:10:36]} f4 {[%emt 0:17:20]} 30. g4 {[%emt 0:17:20]} Nf6 {[%emt 0:16:25]} 31. Nd2 {[%emt 0:07:54]} Qd7 {[%emt 0:14:15]} 32. Re2 {[%emt 0:07:35]} Nxg4 {[%emt 0:07:35]} 33. fxg4 {[%emt 0:07:35]} Qxg4 {[%emt 0:06:42]} 34. Rf2 {[%emt 0:06:42]} Bh4 {[%emt 0:06:38]} 35. Ne3 {[%emt 0:02:24]} fxe3 {[%emt 0:06:17]} 36. Rxf8+ {[%emt 0:02:35]} Kxf8 {[%emt 0:06:27]} 37. Qg1 {[%emt 0:02:14]} exd2 {[%emt 0:02:14]} 38. Ra1 {[%emt 0:06:25]} Qf5 {[%emt 0:06:25]} 39. Z0 {[%emt 0:06:25]} Bg5 {[%emt 0:06:25]} 40. Z0 {[%emt 0:06:25]} Qf2 {[%emt 0:06:25]} 41. Z0 {[%emt 0:06:25] Bc1 0:06:25} 0-1

[Event "1.FrauenBL 2016-17"]
[Site "Berlin"]
[Date "2017.04.29"]
[Round "9.10"]
[White "Klek, Hanna Marie"]
[Black "Videnova, Iva"]
[Result "1-0"]
[WhiteElo "2376"]
[BlackElo "2370"]
[Annotator "NA"]
[PlyCount "75"]
[EventDate "2017.??.??"]
[EventType "team-tourn"]
[EventCountry "GER"]
[SourceTitle "playchess.com"]
[Source "ChessBase"]
[SourceQuality "1"]
[WhiteTeam "SF Deizisau"]
[BlackTeam "SK Schwäbisch Hall"]
[TimeControl "40/6000+30:3000+30"]

1. e4 {[%emt 1:30:30]} c5 {[%emt 1:30:22]} 2. Nf3 {[%emt 1:30:51]} d6 {[%emt 1:30:36]} 3. Bb5+ {[%emt 1:30:36]} Bd7 {[%emt 1:30:43]} 4. Bxd7+ {[%emt 1:31:39]} Qxd7 {[%emt 1:30:53]} 5. c4 {[%emt 1:32:04]} Nf6 {[%emt 1:30:55]} 6. Nc3 {[%emt 1:32:28]} g6 {[%emt 1:31:14]} 7. d4 {[%emt 1:32:52]} cxd4 {[%emt 1:32:52]} 8. Nxd4 {[%emt 1:33:19]} Bg7 {[%emt 1:33:19]} 9. f3 {[%emt 1:33:41]} O-O {[%emt 1:33:41]} 10. Be3 {[%emt 1:33:39]} Nc6 {[%emt 1:32:12]} 11. O-O {[%emt 1:31:40]} e6 {[%emt 1:31:40]} 12. Rc1 {[%emt 1:22:09]} Rfd8 {[%emt 1:22:09]} 13. b3 {[%emt 1:31:38]} d5 {[%emt 1:13:35]} 14. cxd5 {[%emt 0:54:54]} exd5 {[%emt 1:13:37]} 15. Nxc6 {[%emt 1:13:37]} bxc6 {[%emt 1:13:54]} 16. exd5 {[%emt 1:13:54]} cxd5 {[%emt 1:12:22]} 17. Bd4 {[%emt 1:12:22]} Ne8 {[%emt 0:55:34]} 18. Re1 {[%emt 0:29:45]} Bh6 {[%emt 0:47:05]} 19. Rc2 {[%emt 0:28:07]} Nc7 {[%emt 0:46:51]} 20. Bf6 {[%emt 0:46:51]} Re8 {[%emt 0:46:57]} 21. Be5 {[%emt 0:18:31]} Rad8 {[%emt 0:32:27]} 22. Rce2 {[%emt 0:13:15]} Ne6 {[%emt 0:25:20]} 23. Kh1 {[%emt 0:09:17]} Bg5 {[%emt 0:19:27]} 24. Qd3 {[%emt 0:07:23]} Qb7 {[%emt 0:16:31]} 25. f4 {[%emt 0:03:03]} Bh4 {[%emt 0:14:13]} 26. Rd1 {[%emt 0:02:57]} f6 {[%emt 0:13:51]} 27. f5 {[%emt 0:01:06]} fxe5 {[%emt 0:01:32]} 28. fxe6 {[%emt 0:01:32]} e4 {[%emt 0:07:03]} 29. Qd4 {[%emt 0:01:00]} Rxe6 {[%emt 0:05:49]} 30. Nxd5 {[%emt 0:01:19]} Qf7 {[%emt 0:01:42]} 31. Qc4 {[%emt 0:01:42]} Red6 {[%emt 0:00:49]} 32. Red2 {[%emt 0:00:49]} e3 {[%emt 0:00:23]} 33. Nf6+ {[%emt 0:00:37]} Bxf6 {[%emt 0:00:46]} 34. Rxd6 {[%emt 0:00:56]} Qxc4 {[%emt 0:00:08]} 35. bxc4 {[%emt 0:01:03]} Kf7 {[%emt 0:00:06]} 36. Rxf6+ {[%emt 0:00:45]} Ke7 {[%emt 0:00:45]} 37. Rxd8 {[%emt 0:01:04]} e2 {[%emt 0:00:40]} 38. Re8+ {[%emt 0:01:29]} 1-0

[Event "1.FrauenBL 2016-17"]
[Site "Berlin"]
[Date "2017.04.29"]
[Round "10"]
[White "Schulze, Lara"]
[Black "Baciu, Diana"]
[Result "0-1"]
[WhiteElo "2157"]
[BlackElo "2298"]
[Annotator "NA"]
[PlyCount "94"]
[EventDate "2017.??.??"]
[EventType "team-tourn"]
[EventCountry "GER"]
[SourceTitle "playchess.com"]
[Source "ChessBase"]
[SourceQuality "1"]
[WhiteTeam "SK Lehrte"]
[BlackTeam "Hamburger SK"]
[TimeControl "40/6000+30:3000+30"]

1. e4 {[%emt 1:30:24]} e6 {[%emt 1:30:26]} 2. d4 {[%emt 1:30:49]} d5 {[%emt 1:30:49]} 3. Nd2 {[%emt 1:31:12]} h6 {[%emt 1:31:16] C03: French Tarrasch: Unusual Black 3rd moves} (3... c5 4. exd5 Qxd5 5. dxc5 Bxc5 6. Ngf3 Nf6 7. Bc4 Qc6 8. O-O Nbd7 9. Qe2 a6 10. a4 b6 11. Nb3 Bb7 12. Nxc5 Nxc5 13. b4 Ncd7 14. Rd1 O-O 15. b5 {½-½ (31) Zherebukh,Y (2605)-So,W (2822) Saint Louis 2017}) 4. Ngf3 {[%emt 1:28:59]} Nf6 {[%emt 1:31:39]} 5. e5 {[%emt 1:26:15]} Nfd7 {[%emt 1:26:15]} 6. c4 {[%emt 1:22:18] LiveBook: 24 Partien} c5 {[%emt 1:15:47]} 7. cxd5 {[%emt 1:21:23]} exd5 {[%emt 1:16:15]} 8. Bd3 {[%emt 1:16:15]} c4 $146 {[%emt 1:15:29]} (8... Be7 9. O-O Nc6 10. Re1 Nf8 11. dxc5 {1-0 (29) Anton Guijarro,D (2635)-Suarez Gomez,J (2417) Linares 2015}) 9. Bc2 {[%emt 1:15:51]} Nb6 {[%emt 1:15:23]} 10. O-O {[%emt 1:14:58]} Nc6 {[%emt 1:14:56]} 11. Re1 {[%emt 1:10:34]} Bg4 {[%emt 1:10:28]} 12. h3 {[%emt 1:07:32]} Be6 {[%emt 1:07:32]} 13. Nf1 {[%emt 1:05:40]} Qd7 {[%emt 1:05:40]} 14. N3h2 {[%emt 1:02:53]} Be7 {[%emt 0:58:29]} 15. g4 {[%emt 0:52:23] [#]} h5 $1 {[%emt 0:53:04]} 16. Ng3 {[%emt 0:43:45]} hxg4 {[%emt 0:53:05]} 17. hxg4 {[%emt 0:44:07]} g6 {[%emt 0:51:22]} 18. Be3 {[%emt 0:38:37]} O-O-O {[%emt 0:47:26]} 19. g5 $19 {[%emt 0:28:54]} Rh4 {[%emt 0:43:54]} 20. f3 {[%emt 0:43:54]} Rdh8 {[%emt 0:34:31]} 21. Re2 {[%emt 0:27:21]} Qd8 {[%emt 0:34:24]} 22. f4 {[%emt 0:24:51]} Rh3 {[%emt 0:24:51]} 23. Rg2 {[%emt 0:24:01]} Kb8 {[%emt 0:24:01]} 24. Ng4 {[%emt 0:19:39]} Nb4 {[%emt 0:21:18]} 25. Nf2 {[%emt 0:21:18]} R3h4 {[%emt 0:20:02]} 26. Bb1 {[%emt 0:11:03]} Qg8 {[%emt 0:17:08]} 27. f5 {[%emt 0:09:06]} Bd7 {[%emt 0:16:53]} 28. a3 {[%emt 0:07:58]} Nd3 {[%emt 0:16:21]} 29. Nxd3 {[%emt 0:06:43]} cxd3 {[%emt 0:16:49]} 30. Bxd3 {[%emt 0:05:25]} Bxf5 {[%emt 0:16:40]} 31. Bxf5 {[%emt 0:03:52]} gxf5 {[%emt 0:16:57]} 32. Qf3 {[%emt 0:02:20]} Qh7 {[%emt 0:13:26]} 33. Qxf5 {[%emt 0:13:26]} Rh1+ {[%emt 0:13:27]} 34. Kf2 {[%emt 0:00:30]} Rxa1 {[%emt 0:00:30]} 35. e6 {[%emt 0:00:12]} fxe6 {[%emt 0:06:27]} 36. Qxh7 {[%emt 0:06:27]} Rxh7 {[%emt 0:06:55]} 37. g6 {[%emt 0:00:49]} Rg7 {[%emt 0:07:08]} 38. Nh5 {[%emt 0:07:08]} Rg8 {[%emt 0:06:35]} 39. Bf4+ {[%emt 0:01:18]} Kc8 {[%emt 0:06:49]} 40. g7 {[%emt 0:00:43]} Rh1 {[%emt 0:05:11]} 41. Bh2 {[%emt 0:26:42]} Nd7 {[%emt 0:35:01]} 42. Kf3 {[%emt 0:26:21]} Nf6 {[%emt 0:30:23]} 43. Rc2+ {[%emt 0:25:11]} Kd7 {[%emt 0:25:11]} 44. Rc7+ {[%emt 0:23:31]} Ke8 {[%emt 0:23:31]} 45. Bd6 {[%emt 0:23:05]} Nxh5 {[%emt 0:28:49]} 46. Rxe7+ {[%emt 0:22:28]} Kd8 {[%emt 0:22:28]} 47. Rxb7 {[%emt 0:29:18]} Rxg7 {[%emt 0:29:08]} 0-1

[Event "1.FrauenBL 2016-17"]
[Site "Berlin"]
[Date "2017.04.29"]
[Round "10"]
[White "Spiel, Marianne"]
[Black "Noppes, Marina"]
[Result "1-0"]
[WhiteElo "1921"]
[BlackElo "1992"]
[Annotator "NA RC"]
[PlyCount "63"]
[EventDate "2017.??.??"]
[EventType "team-tourn"]
[EventCountry "GER"]
[SourceTitle "playchess.com"]
[Source "ChessBase"]
[SourceQuality "1"]
[WhiteTeam "FC Bayern München"]
[BlackTeam "SF Deizisau"]
[TimeControl "40/6000+30:3000+30"]

1. e4 {[%emt 1:30:27]} c5 {[%emt 1:29:02]} 2. Nf3 {[%emt 1:29:02]} a6 {[%emt 1:28:03]} 3. d4 {[%emt 1:30:55]} cxd4 {[%emt 1:28:02]} 4. Nxd4 {[%emt 1:31:12]} e5 {[%emt 1:27:55]} 5. Nf3 {[%emt 1:18:53]} Nc6 {[%emt 1:26:47]} 6. Bc4 {[%emt 1:10:03]} h6 {[%emt 1:26:42]} 7. O-O {[%emt 1:26:42]} Nf6 {[%emt 1:25:48]} 8. Re1 {[%emt 1:25:48]} Bb4 {[%emt 1:06:29]} 9. c3 {[%emt 1:04:32]} Bc5 {[%emt 1:04:32]} 10. h3 {[%emt 1:02:15]} O-O {[%emt 1:11:16]} 11. a4 {[%emt 0:51:53]} d6 {[%emt 0:51:53]} 12. Nbd2 {[%emt 0:47:11]} Qe7 {[%emt 0:47:11]} 13. Nf1 {[%emt 0:44:03]} Be6 $11 {[%emt 0:42:47]} 14. Qd3 {[%emt 0:34:28]} Bxc4 {[%emt 0:28:50]} 15. Qxc4 {[%emt 0:33:42]} Qe6 {[%emt 0:26:37]} 16. Qxe6 {[%emt 0:30:54]} fxe6 {[%emt 0:27:03]} 17. Ng3 {[%emt 0:30:57]} d5 {[%emt 0:22:24]} 18. Be3 {[%emt 0:22:05]} d4 {[%emt 0:18:17]} 19. Bd2 {[%emt 0:20:46]} Nd7 {[%emt 0:20:46]} 20. Rad1 {[%emt 0:16:25]} Rad8 {[%emt 0:15:12]} 21. cxd4 {[%emt 0:09:55]} exd4 {[%emt 0:13:08]} 22. e5 {[%emt 0:10:17]} Ba7 {[%emt 0:09:38]} 23. b4 {[%emt 0:07:31]} d3 {[%emt 0:07:21]} 24. Bc3 {[%emt 0:07:21]} Nb6 {[%emt 0:00:57]} 25. Ra1 {[%emt 0:00:57]} Nd5 {[%emt 0:00:54]} 26. Bd2 {[%emt 0:07:11]} Ndxb4 {[%emt 0:00:53]} 27. Rab1 {[%emt 0:00:53]} a5 {[%emt 0:01:00]} 28. Ne4 {[%emt 0:07:06]} Nd4 {[%emt 0:00:08]} 29. Nxd4 {[%emt 0:00:08]} Rxd4 {[%emt 0:00:09]} 30. Bc3 {[%emt 0:04:33]} Rc4 {[%emt 0:00:07]} 31. Bd2 {[%emt 0:04:09]} Nc2 {[%emt 0:04:09]} 32. Rbc1 {[%emt 0:02:53]} 1-0

[Event "1.FrauenBL 2016-17"]
[Site "Berlin"]
[Date "2017.04.29"]
[Round "10.1"]
[White "Gaponenko, Inna"]
[Black "Gunina, Valentina"]
[Result "1/2-1/2"]
[WhiteElo "2416"]
[BlackElo "2509"]
[Annotator "TA"]
[PlyCount "48"]
[EventDate "2017.??.??"]
[EventType "team-tourn"]
[EventCountry "GER"]
[SourceTitle "playchess.com"]
[Source "ChessBase"]
[SourceQuality "1"]
[WhiteTeam "Karlsruher SF"]
[BlackTeam "SC Bad Königshofen"]

{[%evp 12,48,4,-11,11,0,0,0,0,-11,2,0,0,-6,0,0,8,-14,-14,-27,-10,-43,-10,-42,-24,-42,-33,-42,-35,-34,-25,-29,-23,-25,-6,-13,-8,-17,-6]} 1. e4 c6 2. d4 d5 3. exd5 cxd5 4. c4 Nf6 {[%cal Bg8f6,Bf6d5,Bd5b6][%mdl 32]} 5. Nc3 Nc6 6. cxd5 Nxd5 7. Nf3 Be6 {B13: Caro-Kann: Exchange Variation and Panov-Botvinnik Attack} 8. Bb5 Qa5 9. Qa4 Qxa4 10. Bxa4 Nb6 11. Bxc6+ $146 (11. Bb5 O-O-O 12. Be3 g6 13. Bxc6 bxc6 14. Ng5 Bc4 15. b3 {½-½ (34) Korneev,O (2591)-Riazantsev,A (2684) Taganrog 2015}) 11... bxc6 12. Be3 f6 13. Nd2 Bd5 14. Nxd5 cxd5 15. Rc1 e6 16. Ke2 Kd7 17. Rc2 Bb4 18. Nb1 Rhc8 19. Rhc1 Rxc2+ 20. Rxc2 Rc8 21. Rxc8 Kxc8 22. Bd2 Bxd2 23. Kxd2 ({Much weaker is} 23. Nxd2 Na4 24. Nf1 Nxb2 $17) 23... Kd7 24. b3 Kc6 1/2-1/2

[Event "1.FrauenBL 2016-17"]
[Site "Berlin"]
[Date "2017.04.29"]
[Round "10.1"]
[White "Endress, Anna"]
[Black "Richterova, Natasa"]
[Result "1-0"]
[WhiteElo "2116"]
[BlackElo "2210"]
[Annotator "TA"]
[PlyCount "61"]
[EventDate "2017.??.??"]
[EventType "team-tourn"]
[EventCountry "GER"]
[SourceTitle "playchess.com"]
[Source "ChessBase"]
[SourceQuality "1"]
[WhiteTeam "TuRa Harksheide"]
[BlackTeam "SV Medizin Erfurt"]

{[%evp 8,61,44,20,76,74,106,65,80,36,47,44,68,58,84,84,91,72,98,111,103,95,101,108,160,158,192,177,192,194,254,222,338,333,346,228,226,214,215,220,383,356,530,460,576,576,556,544,566,272,29989,29990,29990,29991,29998,29999]} 1. e4 d6 2. d4 Nf6 3. Nc3 Nbd7 4. f4 e5 5. Nf3 {[%cal Rd4e5] LiveBook: 333 Games} exf4 {B07: Pirc Defence: Miscellaneous Systems} (5... exd4 $11 {remains equal.} 6. Qxd4 (6. Nxd4 Nc5 $11) 6... c6) (5... exd4 6. Qxd4 c6 7. Be3 d5 8. O-O-O Bc5 9. Qd2 O-O 10. e5 Bxe3 11. Qxe3 Ng4 12. Qe1 Qb6 13. Nd4 Nc5 14. h3 Nh6 15. g4 Ne6 {0-1 (44) Neiksans,A (2631)-Bortnyk,O (2581) Tallinn 2016}) 6. Bxf4 Nb6 7. Qd2 $146 (7. Bd3 Be7 8. O-O O-O 9. a4 a5 10. Qe1 c6 11. Kh1 Nh5 12. Bd2 Be6 13. d5 {1-0 (31) Hudec,D (2112)-Apsner,J (1979) ICCF email 2006}) 7... Be7 {White is slightly better.} 8. d5 O-O 9. O-O-O Nbd7 10. h3 $36 {[%cal Bh2h3,Bh3h4][%mdl 2080] White is pushing.} Nh5 11. Bh2 $1 Ne5 12. Kb1 (12. Nxe5 $2 Bg5 13. Nf3 Bxd2+ $19) 12... Ng6 13. g4 {[%cal Bg2g4,Bg4g5][%mdl 32]} Nf6 14. g5 Nd7 15. h4 Nge5 {[#]} (15... Nde5 $142 16. Nxe5 Nxe5) 16. Nd4 $1 $16 a6 17. Rg1 Rb8 18. h5 g6 (18... c5 $142 19. dxc6 bxc6) 19. hxg6 hxg6 (19... fxg6 {was worth a try.} 20. Ne6 Nf3) 20. Bf4 $18 {Strongly threatening Qh2.} Kg7 21. Rh1 ({Weaker is} 21. Qh2 Rh8 22. Qg3 Kg8 $16) 21... Rh8 22. Bg2 Nb6 23. Rxh8 Qxh8 $2 (23... Kxh8 24. Rh1+ Kg8) 24. Rh1 Qd8 (24... Nbc4 $142 25. Bxe5+ dxe5) 25. Bf1 {Qh2 is the strong threat.} Bg4 26. Qh2 {White wants to mate with Qh7+.} Bh5 27. Be2 Bxg5 28. Bxh5 (28. Bxe5+ $142 dxe5 {[#]} 29. Nf5+ $1 {[%mdl 512]} (29. Qxe5+ Bf6 30. Nf5+ gxf5 $16) 29... Kf6 30. Bxh5) 28... gxh5 $2 (28... Bxf4 $18 29. Qxf4 Qf6 30. Qxf6+ Kxf6) 29. Nf5+ {White mates.} Kf8 30. Qxh5 {[%cal Rh5h8]} Bf6 {[#]} 31. Qh8+ $1 {[%mdl 512] Precision: White = 79%, Black = 42%.} 1-0

[Event "1.FrauenBL 2016-17"]
[Site "Berlin"]
[Date "2017.04.29"]
[Round "10.1"]
[White "Zpevakova, Jana"]
[Black "Horvath, Miklosne"]
[Result "1-0"]
[WhiteElo "2087"]
[BlackElo "2130"]
[Annotator "TA"]
[PlyCount "53"]
[EventDate "2017.??.??"]
[EventType "team-tourn"]
[EventCountry "GER"]
[SourceTitle "playchess.com"]
[Source "ChessBase"]
[SourceQuality "1"]
[WhiteTeam "SK Schwäbisch Hall"]
[BlackTeam "SG Augsburg"]

{[%evp 14,53,-7,-6,-15,-56,-60,-53,3,-22,-20,-37,-31,-16,8,16,10,6,21,18,18,20,20,22,19,10,24,18,10,0,18,0,0,-9,0,-31,111,9,50,32,682,654]} 1. d4 d5 2. c4 c6 3. Nf3 Nf6 4. Nc3 dxc4 5. a4 Bf5 6. Ne5 e6 7. Nxc4 Bb4 8. Bg5 {LiveBook: 5 Games} h6 {D17: Slav Defence: 5 a4 Bf5: Lines with 6 Nh4 and 6 Ne5} 9. Bxf6 (9. Bf4 Nd5 10. Bd2 O-O 11. e3 Nb6 12. Ne5 N8d7 13. Nd3 Bd6 14. Be2 Nc4 15. Bc1 e5 16. Nc5 Bxc5 17. Bxc4 exd4 18. exd4 {0-1 (37) Castro Rojas,O (2392)-Uribe,M (2414) Cali 2008}) 9... Qxf6 10. e3 Nd7 $146 ({Better is} 10... O-O $15) (10... O-O 11. Bd3 Qg6 12. Bf1 Nd7 13. Nd2 Bd3 14. Bxd3 Qxd3 15. Qe2 Qc2 16. Rb1 Bxc3 17. bxc3 Qxc3 18. Rxb7 {½-½ (33) Musin,R-Skafar,D (1795) St Petersburg 2011}) 11. a5 O-O 12. Qb3 Qe7 13. Be2 c5 14. O-O cxd4 15. exd4 Bxc3 (15... Rac8 $5 {is more complex.} 16. Rfd1 Nf6 17. Ne3 Bg6 18. Bf3 Rfd8) 16. bxc3 Be4 17. Ne3 Rac8 18. f3 Bc6 19. c4 Nf6 20. Rfe1 Rfd8 21. Rad1 Qd7 {Hoping for ...Ba4.} 22. Qb2 Qc7 23. Qa1 Qf4 24. Bf1 Rd6 (24... Qg5 $15 25. Kh1 g6) 25. Nc2 ({White should try} 25. d5 $16) 25... Qg5 {next ...Bxf3 is good for Black.} 26. Re5 Qh4 $2 {[%mdl 8192] [#]} (26... Qf4 $14) 27. g3 {Precision: White = 22%, Black = 38%.} 1-0